Normal view
MARC view
Entry Personal Name
001 - CONTROL NUMBER
- control field: 256212
003 - CONTROL NUMBER IDENTIFIER
- control field: OSt
005 - DATE AND TIME OF LATEST TRANSACTION
- control field: 20260220164857.0
008 - FIXED-LENGTH DATA ELEMENTS
- fixed length control field: 260220|| aca||aabn | a|a d
040 ## - CATALOGING SOURCE
- Original cataloging agency: OSt
- Transcribing agency: OSt
100 ## - HEADING--PERSONAL NAME
- Personal name: NAGARKAR (Sudeep)
670 ## - SOURCE DATA FOUND
- Source citation: Work cat.: (OSt)122978: NAGARKAR (Sudeep), Our story needs no filter, 2017